| LEADER |
00807nam0a2200229 450 |
| 001 |
16825129 |
| 010 |
|
|
|a 978-2-88480-545-2
|b rel.
|d 4,9
|
| 100 |
|
|
|a 20100416d2026 u u0frey01 ba
|
| 101 |
0 |
|
|a fre
|
| 102 |
|
|
|a CH
|
| 200 |
0 |
|
|a Lili a peur de la mort
|f Dominique de Saint Mars
|g [illustré par] Serge Bloch
|
| 207 |
|
1 |
|a
|
| 210 |
|
|
|a Paris
|b 6, ch. du Point du Jour
|c Calligram
|d cop. 2009
|
| 215 |
|
|
|a 1 vol. (40 p.)
|c ill. en coul., couv. ill. en coul.
|d 16 cm
|
| 225 |
1 |
|
|v 90
|
| 300 |
|
|
|a Diff. en France
|
| 461 |
|
0 |
|t Max et Lili
|v 90
|
| 700 |
|
0 |
|a Saint-Mars
|b Dominique de
|f 1949-....
|4 70
|
| 701 |
|
0 |
|a Bloch
|b Serge
|f 1956-....
|4 70
|
| 900 |
|
|
|a Bande Dessinée enfant ado
|
| 901 |
|
|
|a Accessible au prêt
|
| 995 |
|
|
|a Bibliothèque
|c Bibliothèque
|f 024017169
|h 024017169
|k BD SAI
|o p
|q j
|r az
|e Bibliothèque
|